000 00295nam a2200121Ia 4500
008 190216s9999||||xx |||||||||||||| ||und||
100 _aKanthi Kumar Jain
245 0 _aHindi - Lowt Kar Aans Naheem Hoga
260 _bMythrey Publication
_c2002
300 _a262
650 _aHindi
942 _cBK
999 _c16156
_d16156